| 000 | 00645cam a2200205 a 4500 | ||
|---|---|---|---|
| 001 | 13512420 | ||
| 003 | OSt | ||
| 005 | 20140402091010.0 | ||
| 008 | 040305s1994 slv spa | ||
| 040 |
_aDLC _cBMC _dDLC |
||
| 082 | _a346.0157284 | ||
| 110 | 1 |
_915018 _aEl Salvador _tLeyes, etc., familiares |
|
| 245 | 1 | 0 | _aDocumento base y exposición de motivos del Código de familia |
| 250 | _a1ª ed | ||
| 260 |
_aSan Salvador _bComisión Coordinadora para el Sector de Justicia _c1994 |
||
| 300 |
_a2 v. _c23 cm |
||
| 610 | 1 | 4 |
_916423 _aEl Salvador _tCódigo de familia, 1993 |
| 650 | 2 | 4 |
_aDerecho de familia _zEl Salvador _96814 |
| 942 |
_2ddc _cBK |
||
| 999 |
_c8653 _d8653 |
||